Rosa Arcana : (Record no. 131)
[ view plain ]
| 000 -LEADER | |
|---|---|
| campo de control de longitud fija | 00832cam a22002777a 4500 |
| 001 - NÚMERO DE CONTROL | |
| campo de control | 14287238 |
| 003 - IDENTIFICADOR DE NÚMERO DE CONTROL | |
| campo de control | KLREWQAS |
| 005 - FECHA Y HORA DE LA ÚLTIMA TRANSACCIÓN | |
| campo de control | 20220326193251.0 |
| 008 - DATOS DE LONGITUD FIJA--INFORMACIÓN GENERAL | |
| campo de control de longitud fija | 060130s2005 cr 001 0 spa |
| 010 ## - NÚMERO DE CONTROL DE LA BIBLIOTECA DEL CONGRESO | |
| Número de control de LC | 2006353611 |
| 020 ## - NÚMERO INTERNACIONAL ESTÁNDAR DEL LIBRO | |
| Número Internacional Estándar del Libro | 9968834769 |
| 040 ## - FUENTE DE CATALOGACIÓN | |
| Centro catalogador/agencia de origen | DLC |
| Centro/agencia transcriptor | DLC |
| 050 00 - SIGNATURA TOPOGRÁFICA DE LA BIBLIOTECA DEL CONGRESO | |
| Número de clasificación | MLCS 2007/40258 (P) |
| 082 ## - NÚMERO DE LA CLASIFICACIÓN DECIMAL DEWEY | |
| Número de clasificación | 861.44 |
| Número de ítem | C847r |
| 100 1# - ENTRADA PRINCIPAL--NOMBRE DE PERSONA | |
| Nombre de persona | Cotter, Patrick. |
| 9 (RLIN) | 646 |
| 245 10 - MENCIÓN DEL TÍTULO | |
| Título | Rosa Arcana : |
| Resto del título | poesía, 1987-1998 / |
| Mención de responsabilidad, etc. | Patrick Cotter. |
| 250 ## - MENCION DE EDICION | |
| Mención de edición | 1. ed. |
| 260 ## - PUBLICACIÓN, DISTRIBUCIÓN, ETC. | |
| Lugar de publicación, distribución, etc. | San José, C.R. : |
| Nombre del editor, distribuidor, etc. | Ediciones Perro Azul, |
| Fecha de publicación, distribución, etc. | 2005. |
| 300 ## - DESCRIPCIÓN FÍSICA | |
| Extensión | 101 p. ; |
| Dimensiones | 21 cm. |
| 440 #0 - MENCIÓN DE SERIE/PUNTO DE ACCESO ADICIONAL--TÍTULO | |
| Título | Colección de Poesía |
| 9 (RLIN) | 647 |
| 500 ## - NOTA GENERAL | |
| Nota general | Includes index. |
| 650 ## - PUNTO DE ACCESO ADICIONAL DE MATERIA--TÉRMINO DE MATERIA | |
| Término de materia o nombre geográfico como elemento de entrada | Literatura |
| Subdivisión general | Poesia |
| Subdivisión geográfica | Costa Rica |
| 9 (RLIN) | 648 |
| 700 ## - ENTRADA AGREGADA--NOMBRE PERSONAL | |
| Nombre de persona | Rosa Arcana |
| 9 (RLIN) | 649 |
| 906 ## - ELEMENTOS DE DATOS F LOCAL, LDF (RLIN) | |
| a | 7 |
| b | cbc |
| c | origres |
| d | 4 |
| e | ncip |
| f | 20 |
| g | y-gencatlg |
| Estatus retirado | Estado de pérdida | Fuente del sistema de clasificación o colocación | Estado de daño | No para préstamo | Biblioteca de origen | Biblioteca actual | Ubicación en estantería | Fecha de adquisición | Total de préstamos | Signatura topográfica completa | Código de barras | Visto por última vez | Precio de reemplazo | Tipo de ítem Koha |
|---|---|---|---|---|---|---|---|---|---|---|---|---|---|---|
| Clasificación Decimal Dewey | Biblioteca LadoV | Biblioteca LadoV | 19/05/2014 | 861.44 C847r | 000114 | 19/05/2014 | 19/05/2014 | Material 01 |
